000 00423nam a22001577a 4500
020 _a8185860173 9788185860176
050 _aSF 87
_b.S37 1995.
100 _a Sastry,N S R
245 _aLivestock sector of India, regional aspects
250 _a 1st ed.
260 _aLucknow, India :
_b International Book Distributing Co.
_c1995.
300 _a221, [16] p.
500 _a 24 cm.
650 _bLivestock.
942 _cGEN
999 _c1249
_d1249